| 000 | 00542nam a2200205 a 4500 | ||
|---|---|---|---|
| 001 | BRCA_6513 | ||
| 005 | 20190320205503.0 | ||
| 008 | 270911s1928----gw-#######---#000-0#ger-# | ||
| 041 | _ager | ||
| 044 | _agw | ||
| 050 | 4 |
_aPT2638 _b.N5 T44 1928 |
|
| 100 | 1 |
_aSchnitzler, Arthur _d1862-1931 _915488 |
|
| 245 | 1 | 0 |
_aTherese _bchronik eines frauenlebens _cvon Arthur Schnitzler. |
| 260 |
_aBerlĂn _bS. Fischer _c1928 |
||
| 300 |
_a391 p. _c19 cm. |
||
| 500 | _aL50 | ||
| 650 | 1 | 4 |
_aLiteratura austriaca _915490 |
| 902 | _aGFM | ||
| 942 |
_2lcc _cB |
||
| 999 |
_c6197 _d6197 |
||